02373nam a2200337Ia 4500952009900000952010800099952010400207952011100311952011600422952011100538999001700649008004100666020001500707050002400722100003200746245011800778250001800896260003400914300003700948336001000985337001400995338001201009505044501021519004301466519006501509520034001574650002801914650003901942700004701981942000702028 00104070a07b07d2011-09-29l0oHF5387 V4518 2000p07 002122r2012-06-26t1w2012-06-26yLB 00104070a03b03d2001-05-15l9oHF5387 V4518 2000p03 005720r2014-08-21s2014-08-21w2012-07-20yLB 00102lcc4070a01b01d2011-08-22l0oHF5387 V4518 2000p16 000367r2023-07-11t1w2012-10-28yLB 00104070a12b12d2008-11-28l2oHF5387 V4518 2000p12 002550r2015-04-22s2014-05-29t2w2012-11-01yLB 00102lcc4070a12b12d2010-01-15l2oHF5387 V4518 2000p12 002551r2016-04-30s2016-04-30t1w2012-11-01yLB 00104070a12b12d2010-01-15l2oHF5387 V4518 2000p12 002842r2016-04-20s2016-04-20t3w2012-11-01yLB c80936d80936120720s2000 mx d 000 0 spa d a9702600065 aHF5387 bV4518 2000 aVelasquez, Manuel G.eautor aEtica en los negociosb : conceptos y acasosc / Manuel G. Velasquez ; traduccion Roberto Luis Escalona García a4a. edición aMéxico b : Pearsonc, 2000 ax, 520 páginas b : gráficas atexto asin medio avolumen aPrincipios básicos Ética y negocios Principios de ética en los negocios El mercado y los negocios El sistema comercial La ética en el mercado Los negocios y sus intercambios externos Ética y medio ambiente La ética de la producción para el consumidor y el marketing Cuarta parte: La empresa y sus grupos internos que la componen 7. La ética de la discriminación en el empleo 8. El individuo en la organización. aMaterial Complementario /d(03 005720) aMaterial Complementario /d(12 002551, 12 002550, 12 002842) aResumen del Libro: Cuatro clases de principios morales, luego aplica la teoría resultante a cuestiones, la ética de los mercados y los precios, sobre problemas ecológicos y del consumidor como también asuntos relacionados con el empleo todo y más encontraras para tener un amplio conocimiento sobre ética en los negocios. 10aÉTICA EN LOS NEGOCIOS20aÉTICA EN LOS NEGOCIOS xESTUDIOS aEscalona García, Roberto Luisetraductor cLB